00422nam a2200145 i 4500001000700000003000900007005001700016008004100033080002100074100002400095245005300119260003000172300002100202852005300223181900ES-MaACL20231018193801.0130506s2012 sp |||| | spa d a821.134.2-14"19"1 aMoral Roca, Manuel.10aSintagmas en rojo y negro / cManuel Moral Roca. a[Madrid : bs.n., c2012] a81 p. ; c21 cm. aES-MaACLjA-12585bR.148803cDEPO1dOlim: N-5588